Normal structures and bordism theory, with applications to MSp*
Saved in:
| Main Author: | |
|---|---|
| Other Authors: | , |
| Format: | Book |
| Language: | English |
| Published: |
Providence :
American Mathematical Society,
1977
|
| Series: | Memoirs of the American Mathematical Society ;
; 193 |
| Subjects: | |
| Tags: |
Add Tag
No Tags, Be the first to tag this record!
|
MARC
| LEADER | 00000cam a2200000 i 4500 | ||
|---|---|---|---|
| 001 | 1/48551 | ||
| 008 | 941103s1977 eng d | ||
| 020 | |a 0821821938 | ||
| 035 | |l 10043368 | ||
| 035 | |a 1993 | ||
| 040 | |a GR-MY-UA |b gre |e aacr | ||
| 041 | 0 | |a eng | |
| 082 | 0 | |a 514.7 | |
| 100 | 1 | |a Ray, Nigel |d 1945- | |
| 245 | 1 | 0 | |a Normal structures and bordism theory, with applications to MSp* / |c Nigel Ray, Robert Switzer, and Larry Taylor |
| 260 | |a Providence : |b American Mathematical Society, |c 1977 | ||
| 300 | |a ix, 66 p.; |c 26 cm | ||
| 490 | 1 | |a Memoirs of the American Mathematical Society ; no. 193 | |
| 500 | |a "Volume 12, issue 1." | ||
| 504 | |a Includes bibliographies | ||
| 650 | 0 | 0 | |a Cobordism theory. |
| 650 | 0 | 0 | |a Manifolds (Mathematics) |
| 650 | 0 | 0 | |a G-structures. |
| 700 | 1 | |a Switzer, Robert M. |d 1940- | |
| 700 | 1 | |a Taylor, Larry |d 1945- | |
| 830 | 0 | |a Memoirs of the American Mathematical Society ; |v ; 193 | |
| 852 | |a INST |b SAMOS |e 19941103 |h 514.7 RAY |p 005300007659 |q 005300007659 |t BK |y 0 | ||
| 909 | |a Σ |b 033391 | ||